أساسيات إنتاج الخضر في الأراضي الصحراوية / (رقم التسجيلة. 25075)

تفاصيل مارك
000 -LEADER
fixed length control field 00633nam a22001697a 4500
005 - DATE AND TIME OF LATEST TRANSACTION
control field 20251108165324.0
008 - FIXED-LENGTH DATA ELEMENTS--GENERAL INFORMATION
fixed length control field 250721s1994 xx 000 0 ara d
082 14 - DEWEY DECIMAL CLASSIFICATION NUMBER
Classification number 635/حسن
100 1# - MAIN ENTRY--PERSONAL NAME
Personal name حسن، أحمد عبد المنعم
245 10 - TITLE STATEMENT
Title أساسيات إنتاج الخضر في الأراضي الصحراوية /
264 1# - PRODUCTION, PUBLICATION, DISTRIBUTION, MANUFACTURE, AND COPYRIGHT NOTICE
Place of production, publication, distribution, manufacture القاهرة :
Name of producer, publisher, distributor, manufacturer الدار العربية للنشر و التوزيع،
Date of production, publication, distribution, manufacture, or copyright notice 1994.
300 ## - PHYSICAL DESCRIPTION
Extent 285ص
490 0# - SERIES STATEMENT
Series statement سلسلة العلم و الممارسة لإنتاج الخضر في الأراضي الصحراوية
650 17 - SUBJECT ADDED ENTRY--TOPICAL TERM
Topical term or geographic name as entry element الخضروات
942 ## - ADDED ENTRY ELEMENTS (KOHA)
Source of classification or shelving scheme Dewey Decimal Classification
Koha item type كتب
المقتنيات
حالة السحب حالة الفقدان مصدر التصنيف حالة التلف غير قابل للإعارة المكتبة الرئيسية المكتبة الحالية موقع الرف تاريخ التزويد الرقم المتسلسل Total Checkouts رقم الإستدعاء الباركود تاريخ آخر ظهور تاريخ الفاتورة نوع المادة (كوها)
    Dewey Decimal Classification     المكتبة المركزية المكتبة المركزية الإعارة 06/07/2004 181891   635/حسن 181891 28/07/2025 06/07/2004 كتب
    Dewey Decimal Classification     مكتبة الأميرة ايمان العامة مكتبة الأميرة ايمان العامة الإعارة 17/11/2013 [3738]   635/حسن PLD00286545 28/07/2025 17/11/2013 كتب
    Dewey Decimal Classification     مكتبة صويلح العامة مكتبة صويلح العامة الإعارة 04/01/1980 07797   635/حسن PLD00484293 28/07/2025 04/01/1980 كتب
Implemented & Customized by: BBB with SCIT (Smart Chains for Information Technology)

Powered by Koha